عرض عادي
عرض مارك
- Bernstein, Basil B.
مدخل إسم شخص
001 - رقم الضبط
- حقل الضبط: 108278
003 - معرف رقم الضبط
- حقل الضبط: OSt
005 - تاريخ ووقت أخر عملية
- حقل الضبط: 20221016155947.0
008 - عناصر بيانات ثابتة الطول
- حقل تحكم ثابت الطول: 221016|| aca||aabn | a|a d
040 ## - مصدر الفهرسة
- هيئة الفهرسة الأصلية: OSt
- وكالة الكتابة: OSt
100 ## - مدخل -- أسم شخص
- إسم شخص: Bernstein, Basil B.
670 ## - بيانات المصدر موجوده
- الاستشهاد بالمصدر: Work cat.: (OSt)0: Wheelahan, Leesa. 108277, Why knowledge matters in curriculum :, 2010.
